[Event "EIWCC 2017"]
[Site "Riga"]
[Date "2017.04.14"]
[Round "4"]
[White "Antova, Gabriela"]
[Black "Paramzina, Anastasya"]
[Result "1-0"]
[WhiteElo "2335"]
[BlackElo "2202"]
[Annotator "NA"]
[PlyCount "77"]
[EventDate "2017.??.??"]
[EventType "swiss"]
[EventCountry "LAT"]
[SourceTitle "playchess.com"]
[Source "ChessBase"]
[SourceQuality "1"]
[TimeControl "40/5400+30:1800+30"]

1. d4 {[%emt 0:00:00]} Nf6 {[%emt 0:00:49]} 2. c4 {[%emt 0:00:00]} e6 {[%emt 0:00:07]} 3. Nf3 {[%emt 0:00:00]} c5 {[%emt 0:00:06]} 4. d5 {[%emt 0:06:56]} exd5 {[%emt 0:00:12]} 5. cxd5 {[%emt 0:00:06]} Bd6 {[%emt 0:00:09]} 6. Nc3 {[%emt 0:03:42]} Bc7 {[%emt 0:00:27]} 7. e4 {[%emt 0:11:06]} d6 {[%emt 0:00:07]} 8. Nd2 {[%emt 0:00:57]} O-O {[%emt 0:00:40]} 9. Bd3 {[%emt 0:00:14]} a6 {[%emt 0:00:14]} 10. a4 {[%emt 0:00:30]} Nbd7 {[%emt 0:00:25]} 11. Nc4 {[%emt 0:02:19]} Re8 {[%emt 0:01:59]} 12. O-O {[%emt 0:00:37]} b6 {[%emt 0:01:19]} 13. Bf4 {[%emt 0:09:59]} Nf8 {[%emt 0:00:56]} 14. Re1 {[%emt 0:01:22]} Ng6 {[%emt 0:00:15]} 15. Bg3 {[%emt 0:00:10]} Rb8 {[%emt 0:00:10]} 16. Ne3 {[%emt 0:16:21]} Ne5 {[%emt 0:14:28]} 17. Be2 {[%emt 0:01:01]} Qd7 {[%emt 0:01:20]} 18. f4 {[%emt 0:09:16]} Ng6 {[%emt 0:02:02]} 19. Bf3 {[%emt 0:00:11]} b5 {[%emt 0:00:51]} 20. axb5 {[%emt 0:00:11]} axb5 {[%emt 0:00:04]} 21. Qc2 {[%emt 0:01:52]} c4 {[%emt 0:07:44]} 22. Kh1 {[%emt 0:01:35]} Qd8 {[%emt 0:12:35]} 23. Ncd1 {[%emt 0:12:15]} Ba5 {[%emt 0:05:15]} 24. Rf1 {[%emt 0:00:31]} h5 {[%emt 0:05:14]} 25. h3 {[%emt 0:00:19]} h4 {[%emt 0:00:04]} 26. Bh2 {[%emt 0:00:09]} Qb6 {[%emt 0:04:23]} 27. Nf2 {[%emt 0:04:43]} Bb4 {[%emt 0:03:29]} 28. Nfg4 {[%emt 0:01:09]} Nd7 {[%emt 0:10:49]} 29. Nf5 {[%emt 0:01:15]} Bc5 {[%emt 0:00:59]} 30. Qc3 {[%emt 0:00:53]} f6 {[%emt 0:00:04]} 31. Qd2 {[%emt 0:06:27]} Ndf8 {[%emt 0:05:15]} 32. Nxg7 {[%emt 0:02:33]} Kxg7 {[%emt 0:06:20]} 33. f5 {[%emt 0:00:06]} Ne5 {[%emt 0:00:50]} 34. Qh6+ {[%emt 0:00:05]} Kf7 {[%emt 0:00:18]} 35. Qxf6+ {[%emt 0:00:42]} Kg8 {[%emt 0:00:03]} 36. Qg5+ {[%emt 0:02:01]} Kh8 {[%emt 0:00:35]} 37. Qh5+ {[%emt 0:00:32]} Kg7 {[%emt 0:00:16]} 38. Qxe8 {[%emt 0:02:04]} Nf7 {[%emt 0:00:59]} 39. Qe7 {[%emt 0:00:28]} 1-0

[Event "EIWCC 2017"]
[Site "Riga"]
[Date "2017.04.14"]
[Round "4"]
[White "Gara, Ticia"]
[Black "Utiatskaja, Irina"]
[Result "1-0"]
[WhiteElo "2325"]
[BlackElo "2152"]
[Annotator "NA"]
[PlyCount "105"]
[EventDate "2017.??.??"]
[EventType "swiss"]
[EventCountry "LAT"]
[SourceTitle "playchess.com"]
[Source "ChessBase"]
[SourceQuality "1"]
[TimeControl "40/5400+30:1800+30"]

1. Nf3 {[%emt 0:00:00]} d5 {[%emt 0:00:08]} 2. g3 {[%emt 0:00:00]} Bg4 {[%emt 0:00:18]} 3. Bg2 {[%emt 0:00:00]} Nd7 {[%emt 0:00:11]} 4. O-O {[%emt 0:00:53]} c6 {[%emt 0:00:25]} 5. c4 {[%emt 0:04:03]} e6 {[%emt 0:03:32]} 6. d3 {[%emt 0:02:32]} Ngf6 {[%emt 0:00:14]} 7. cxd5 {[%emt 0:02:21]} exd5 {[%emt 0:02:07]} 8. Nc3 {[%emt 0:00:31]} Be7 {[%emt 0:01:25]} 9. h3 {[%emt 0:02:14]} Bxf3 {[%emt 0:04:35]} 10. Bxf3 {[%emt 0:00:06]} O-O {[%emt 0:00:03]} 11. d4 {[%emt 0:08:45]} Bd6 {[%emt 0:03:15]} 12. Qc2 {[%emt 0:00:35]} Re8 {[%emt 0:00:34]} 13. Re1 {[%emt 0:12:43]} Nf8 {[%emt 0:16:18]} 14. Bd2 {[%emt 0:13:53]} Ne6 {[%emt 0:00:44]} 15. Qd3 {[%emt 0:01:06]} Qb6 {[%emt 0:00:45]} 16. Be3 {[%emt 0:01:47]} Qxb2 {[%emt 0:15:33]} 17. Reb1 {[%emt 0:04:58]} Qa3 {[%emt 0:00:05]} 18. Rxb7 {[%emt 0:01:34]} Bb4 {[%emt 0:06:51]} 19. Nd1 {[%emt 0:14:04]} Qxd3 {[%emt 0:01:00]} 20. exd3 {[%emt 0:00:02]} Bd6 {[%emt 0:01:09]} 21. Rc1 {[%emt 0:01:31]} Nd8 {[%emt 0:01:29]} 22. Rb3 {[%emt 0:00:15]} Rc8 {[%emt 0:02:21]} 23. Kg2 {[%emt 0:03:55]} Ne6 {[%emt 0:05:35]} 24. Rbc3 {[%emt 0:00:37]} Nd8 {[%emt 0:02:20]} 25. Bg5 {[%emt 0:00:23]} Rb8 {[%emt 0:00:19]} 26. Bxf6 {[%emt 0:01:14]} gxf6 {[%emt 0:00:04]} 27. Ne3 {[%emt 0:04:05]} Rb6 {[%emt 0:00:41]} 28. Bxd5 {[%emt 0:04:51]} Rxe3 {[%emt 0:00:53]} 29. fxe3 {[%emt 0:01:02]} cxd5 {[%emt 0:00:06]} 30. Rc8 {[%emt 0:00:02]} Be7 {[%emt 0:00:05]} 31. R1c7 {[%emt 0:01:02]} Kf8 {[%emt 0:01:08]} 32. Rxa7 {[%emt 0:00:54]} Ke8 {[%emt 0:00:47]} 33. Kf3 {[%emt 0:02:15]} Rb2 {[%emt 0:00:38]} 34. e4 {[%emt 0:01:49]} Rd2 {[%emt 0:00:34]} 35. Ke3 {[%emt 0:01:27]} Rg2 {[%emt 0:00:08]} 36. Kf3 {[%emt 0:04:51]} Rd2 {[%emt 0:00:05]} 37. Rc3 {[%emt 0:01:44]} dxe4+ {[%emt 0:00:28]} 38. Kxe4 {[%emt 0:00:24]} Rh2 {[%emt 0:00:42]} 39. d5 {[%emt 0:02:56]} Rxh3 {[%emt 0:00:38]} 40. d4 {[%emt 0:00:00]} h5 {[%emt 0:02:49]} 41. Re3 {[%emt 0:04:13]} Kf8 {[%emt 0:04:35]} 42. Kf3 {[%emt 0:02:51]} h4 {[%emt 0:01:59]} 43. Raxe7 {[%emt 0:01:44]} Rxg3+ {[%emt 0:00:58]} 44. Kf2 {[%emt 0:00:38]} Ne6 {[%emt 0:00:05]} 45. Rxf7+ {[%emt 0:10:20]} Kxf7 {[%emt 0:00:09]} 46. dxe6+ {[%emt 0:00:05]} Ke7 {[%emt 0:00:05]} 47. Rxg3 {[%emt 0:00:24]} hxg3+ {[%emt 0:00:06]} 48. Kxg3 {[%emt 0:00:03]} Kxe6 {[%emt 0:00:04]} 49. a4 {[%emt 0:00:05]} Kd5 {[%emt 0:00:24]} 50. a5 {[%emt 0:00:04]} Kc6 {[%emt 0:00:04]} 51. Kf4 {[%emt 0:00:14]} Kb5 {[%emt 0:00:11]} 52. Kf5 {[%emt 0:00:18]} Kxa5 {[%emt 0:00:18]} 53. Kxf6 {[%emt 0:00:23]} 1-0

[Event "EIWCC 2017"]
[Site "Riga"]
[Date "2017.04.14"]
[Round "4"]
[White "Buksa, Nataliya"]
[Black "Makka, Ioulia"]
[Result "1-0"]
[WhiteElo "2314"]
[BlackElo "2069"]
[Annotator "NA"]
[PlyCount "109"]
[EventDate "2017.??.??"]
[EventType "swiss"]
[EventCountry "LAT"]
[SourceTitle "playchess.com"]
[Source "ChessBase"]
[SourceQuality "1"]
[TimeControl "40/5400+30:1800+30"]

1. e4 {[%emt 0:00:00]} c6 {[%emt 0:00:15]} 2. d4 {[%emt 0:00:00]} d5 {[%emt 0:00:05]} 3. e5 {[%emt 0:00:00]} Bf5 {[%emt 0:00:08]} 4. h4 {[%emt 0:00:04]} h5 {[%emt 0:04:47]} 5. Bd3 {[%emt 0:00:50]} Bxd3 {[%emt 0:02:11]} 6. Qxd3 {[%emt 0:00:02]} e6 {[%emt 0:01:08]} 7. Bg5 {[%emt 0:00:09]} Be7 {[%emt 0:01:55]} 8. Nf3 {[%emt 0:02:13]} Nh6 {[%emt 0:03:50]} 9. Nbd2 {[%emt 0:15:45]} Nf5 {[%emt 0:01:06]} 10. b3 {[%emt 0:03:39]} Nd7 {[%emt 0:11:47]} 11. c4 {[%emt 0:01:32]} Qa5 {[%emt 0:11:52]} 12. O-O {[%emt 0:08:20]} O-O {[%emt 0:03:41]} 13. Bxe7 {[%emt 0:07:33]} Nxe7 {[%emt 0:00:07]} 14. Ng5 {[%emt 0:03:24]} Nf5 {[%emt 0:01:40]} 15. Ndf3 {[%emt 0:00:04]} Rfd8 {[%emt 0:06:08]} 16. Qe2 {[%emt 0:06:06]} dxc4 {[%emt 0:06:37]} 17. bxc4 {[%emt 0:00:58]} Nf8 {[%emt 0:02:17]} 18. Rfd1 {[%emt 0:00:49]} Rd7 {[%emt 0:02:03]} 19. Rd2 {[%emt 0:04:54]} Rad8 {[%emt 0:06:51]} 20. Rad1 {[%emt 0:00:02]} Qb4 {[%emt 0:11:01]} 21. Ne4 {[%emt 0:09:34]} Qe7 {[%emt 0:13:50]} 22. g3 {[%emt 0:04:17]} b6 {[%emt 0:01:53]} 23. Kg2 {[%emt 0:03:00]} f6 {[%emt 0:03:15]} 24. Rd3 {[%emt 0:08:25]} Qf7 {[%emt 0:00:49]} 25. Nc3 {[%emt 0:02:15]} Qg6 {[%emt 0:01:22]} 26. Qe4 {[%emt 0:02:35]} Qg4 {[%emt 0:01:41]} 27. Qxc6 {[%emt 0:03:37]} Nxd4 {[%emt 0:00:14]} 28. Rxd4 {[%emt 0:01:20]} Rxd4 {[%emt 0:00:13]} 29. Nxd4 {[%emt 0:00:03]} fxe5 {[%emt 0:01:35]} 30. f3 {[%emt 0:02:50]} Qg6 {[%emt 0:00:13]} 31. Nde2 {[%emt 0:00:03]} Rxd1 {[%emt 0:00:49]} 32. Nxd1 {[%emt 0:00:01]} Qc2 {[%emt 0:00:31]} 33. Ndc3 {[%emt 0:00:02]} Qd2 {[%emt 0:00:27]} 34. Kf2 {[%emt 0:00:41]} Qb2 {[%emt 0:00:28]} 35. Qc7 {[%emt 0:00:35]} Qb4 {[%emt 0:00:19]} 36. Ne4 {[%emt 0:00:05]} Nh7 {[%emt 0:00:45]} 37. Ng5 {[%emt 0:03:35]} Nxg5 {[%emt 0:00:30]} 38. hxg5 {[%emt 0:00:01]} Kh7 {[%emt 0:00:21]} 39. Qc6 {[%emt 0:02:01]} Qb2 {[%emt 0:00:33]} 40. Qxe6 {[%emt 0:00:00]} Qxa2 {[%emt 0:00:26]} 41. Qf7 {[%emt 0:01:08]} Qa5 {[%emt 0:07:24]} 42. Qxh5+ {[%emt 0:02:07]} Kg8 {[%emt 0:00:05]} 43. Qe8+ {[%emt 0:00:22]} Kh7 {[%emt 0:00:03]} 44. Qc6 {[%emt 0:01:12]} Qb4 {[%emt 0:05:52]} 45. Qe4+ {[%emt 0:06:03]} g6 {[%emt 0:03:49]} 46. Qb7+ {[%emt 0:00:33]} Kg8 {[%emt 0:00:16]} 47. Qb8+ {[%emt 0:00:13]} Kf7 {[%emt 0:01:03]} 48. Qxa7+ {[%emt 0:00:02]} Kf8 {[%emt 0:01:25]} 49. Qc7 {[%emt 0:00:58]} Qa5 {[%emt 0:02:16]} 50. c5 {[%emt 0:01:07]} Qxc5+ {[%emt 0:01:48]} 51. Qxc5+ {[%emt 0:00:09]} bxc5 {[%emt 0:00:06]} 52. Ke3 {[%emt 0:00:04]} Ke7 {[%emt 0:00:21]} 53. Ke4 {[%emt 0:00:07]} Ke6 {[%emt 0:00:31]} 54. f4 {[%emt 0:00:02]} exf4 {[%emt 0:00:20]} 55. gxf4 {[%emt 0:00:02]} 1-0

[Event "EIWCC 2017"]
[Site "Riga"]
[Date "2017.04.14"]
[Round "4"]
[White "Berzina, Ilze"]
[Black "Danielian, Elina"]
[Result "1/2-1/2"]
[WhiteElo "2297"]
[BlackElo "2437"]
[Annotator "TA"]
[PlyCount "84"]
[EventDate "2017.??.??"]
[EventType "swiss"]
[EventCountry "LAT"]
[SourceTitle "playchess.com"]
[Source "ChessBase"]
[SourceQuality "1"]

{[%evp 18,84,35,22,12,6,41,-19,-2,-20,-25,-16,-16,-16,-10,-10,-31,-17,37,-47,42,-45,-50,-45,-23,-64,-27,-162,-47,-77,-52,-158,-179,-175,-108,-133,-149,-252,-151,-131,-74,-85,-84,-86,-43,-29,0,0,101,80,81,77,136,58,68,47,110,0,108,37,91,0,52,0,107,89,83,0,72]} 1. e4 {[%cal Be2e4,Be4e5][%mdl 32]} e6 2. d4 d5 3. e5 c5 4. c3 Nc6 5. Nf3 Bd7 6. Be2 f6 7. O-O fxe5 8. dxe5 Qc7 9. Re1 Nh6 {C02: French: Advance Variation} (9... O-O-O 10. b4 Nxe5 11. Nxe5 Qxe5 12. Bf3 Qc7 13. Be3 Nf6 14. Nd2 c4 15. a4 Bd6 16. a5 Kb8 17. Nf1 {0-1 (40) Volkov,S (2624)-Alekseev,E (2632) Khanty-Mansiysk 2016}) 10. c4 {LiveBook: 3 Games} d4 11. Na3 Nf7 12. Bf4 (12. Nb5 $14 Qb8 13. Ng5) 12... Be7 13. h4 a6 14. Nc2 O-O-O {[%cal Rf7e5]} 15. Bd3 $146 (15. b4 Rhf8 16. Bd3 g6 {1-0 (36) Grumic,S (2108)-Perron,S (2128) Red Deer 2005}) 15... g5 16. hxg5 Rdg8 17. b4 cxb4 (17... Bxg5 $11 18. Bh2 (18. Nxg5 Nxg5 19. Kf1 Nxb4 20. Nxb4 cxb4 $11) 18... Be7) 18. Be4 (18. a3 $1 $14) 18... Nxg5 (18... h6 $15) 19. Nxg5 ({Better is} 19. Bxg5 $14 Bxg5 20. Ncxd4 (20. Nxg5 Rxg5 21. Nxd4 Nxd4 22. Qxd4 Bc6 $15)) 19... Bxg5 $15 20. Bxg5 Rxg5 21. Nxd4 Rhg8 22. Rb1 {[#]} (22. Nb3 $1 $11) 22... h5 (22... Nxd4 $1 $19 23. Qxd4 Bc6) 23. Rb2 h4 24. Re3 (24. c5 $15) 24... Nxd4 25. Qxd4 Bc6 26. f4 (26. Rxb4 $2 Rxg2+ 27. Bxg2 Qg7 $19) 26... Rg4 27. Rf2 (27. Rxb4 $2 Rxf4 28. Rb2 Rd8 $19) (27. Bf3 $17 {was worth a try.} Bxf3 28. Rxf3) 27... Bxe4 (27... Rd8 $19 28. Qa7 (28. Qa1 $2 Bxe4 29. Rxe4 h3 $19) 28... Bxe4 29. Rxe4 Qc6) 28. Qxe4 $17 Qc5 (28... Rg3 $142 {Strongly threatening ...Qc5.} 29. c5 (29. Rxg3 hxg3 30. Rf3 Qa5 $17) 29... Kb8) 29. Kh2 Rg3 30. Rfe2 Kb8 31. Rd3 Rxd3 32. Qxd3 $11 {[%mdl 4096] Endgame KQR-KQR} h3 (32... Ka7 $11) 33. g3 $16 (33. Kxh3 Qg1 34. Qd6+ Ka8 35. Qd8+ Rxd8 36. Kg4 Rg8+ 37. Kf3 Qf1+ 38. Ke3 Rg3+ 39. Kd2 Rc3 40. Re4 Qd3+ 41. Ke1 Rc1+ 42. Kf2 Rf1#) 33... Ka8 34. Rd2 ({Don't play} 34. Kxh3 Qg1 35. Qf3 Rh8+ 36. Kg4 Qd1 $15) 34... Qc6 {[#]} (34... a5 $142) 35. Rc2 (35. Qe2 $1 $16) 35... a5 36. Rd2 Rc8 (36... Kb8 $14) 37. Rc2 (37. g4 $16) 37... Ka7 (37... Rg8 $11) 38. Qd4+ (38. g4 $16) 38... Ka8 (38... b6 $14) 39. Qd3 (39. g4 $16) 39... Rg8 ({Black should try} 39... Ka7 $11) 40. Rd2 ({White should play} 40. Re2 $14) 40... Ka7 (40... Rc8 $11) 41. Qd4+ Ka8 42. Qd3 (42. c5 $16) 42... Ka7 (42... Rc8 $11 {keeps the balance.}) 1/2-1/2

[Event "EIWCC 2017"]
[Site "Riga"]
[Date "2017.04.14"]
[Round "4"]
[White "Gvetadze, Sofio"]
[Black "Javakhishvili, Lela"]
[Result "0-1"]
[WhiteElo "2292"]
[BlackElo "2456"]
[Annotator "TA"]
[PlyCount "110"]
[EventDate "2017.??.??"]
[EventType "swiss"]
[EventCountry "LAT"]
[SourceTitle "playchess.com"]
[Source "ChessBase"]
[SourceQuality "1"]

{[%evp 9,110,47,48,12,8,3,6,-8,0,-22,-22,-30,-30,-30,-29,-30,-29,-77,-83,-81,-51,-210,-206,-206,-208,-195,-203,-256,-250,-291,-269,-371,-362,-339,-244,-430,-422,-443,-431,-471,-467,-454,-392,-395,-364,-405,-308,-333,-308,-440,-433,-469,-410,-474,-479,-514,-493,-570,-561,-546,-514,-528,-521,-503,-392,-412,-333,-427,-412,-714,-667,-916,-865,-865,-811,-826,-575,-989,-984,-1142,-1094,-1928,-1715,-1597,-1267,-1832,-1381,-1826,-1645,-2008,-1843,-1702,-1654,-29965,-6387,-29984,-29985,-29987,-5793,-29993,-29992,-29992,-29993]} 1. e4 d6 2. d4 Nf6 3. Nc3 g6 4. Be3 c6 5. f3 b5 {[%cal Bb7b5,Bb5b4][%mdl 32] LiveBook: 245 Games} 6. a4 {B07: Pirc Defence: Miscellaneous Systems} (6. Qd2 Nbd7 7. Nge2 Bg7 8. Bh6 Bxh6 9. Qxh6 Bb7 10. a3 e5 11. O-O-O a5 12. Kb1 b4 13. Na4 Qc7 14. dxe5 dxe5 15. Nc1 c5 16. Qg7 Ke7 17. Bc4 {1-0 (48) Ma,Q (2621)-Bachmann,A (2656) Barcelona 2016}) 6... b4 7. Na2 a5 8. Bd3 {The position is equal.} Bg7 9. c3 $146 (9. Ne2 Ba6 10. Nac1 O-O 11. Qd2 Qc7 12. c4 c5 13. dxc5 dxc5 {0-1 (24) Lloret Climent,M-Lloret Ramis,J (2285) Valencia 1994}) 9... bxc3 10. bxc3 O-O 11. Ne2 Nbd7 12. O-O e5 13. Qc1 Re8 14. Bh6 Bh8 15. f4 $2 (15. Bg5 $15) 15... Ba6 $19 (15... exd4 16. cxd4 Nxe4 17. Qxc6 $15) 16. Bxa6 Rxa6 17. fxe5 dxe5 18. Ng3 {[#]} exd4 $1 19. cxd4 Ng4 20. Bg5 Bxd4+ 21. Kh1 Qb6 22. Qd1 $2 (22. Rb1 Qc5 23. Qd2) 22... Nde5 23. Rb1 Qa7 24. Rb7 Qxb7 25. Qxd4 Qb3 26. Nc1 Qc4 27. Qd2 f6 ({Weaker is} 27... Qxa4 28. h3 $19) 28. Bf4 {If only White now had time for h3....} Nf7 ({But not} 28... Qxa4 29. h3 $19) 29. h3 (29. Qd7 $142 Qe6 30. Qxe6 Rxe6 31. Nb3) 29... Nge5 ({Not} 29... Qxa4 30. hxg4 c5 31. Qe2 $15) 30. Be3 c5 31. Nce2 Rd8 32. Qb2 Qxa4 33. Nc3 Qb4 34. Qa1 Rd3 35. Nd5 Qa3 36. Qe1 c4 37. Qf2 a4 38. Bc5 Qb3 39. Ne7+ (39. Ne2 $142) 39... Kh8 40. Ne2 Rd1 41. Bd4 Rxf1+ 42. Qxf1 Qd3 43. Qf2 a3 44. Nf4 Qxe4 45. Qh4 Qb1+ 46. Kh2 Qb8 47. Kh1 Kg7 48. Qg3 a2 49. Nf5+ Kg8 50. Ne7+ Kf8 51. Nexg6+ hxg6 52. Nxg6+ Ke8 53. Nf4 a1=Q+ 54. Kh2 {[#]} Nf3+ $1 55. gxf3 Ra2+ 0-1

[Event "EIWCC 2017"]
[Site "Riga"]
[Date "2017.04.14"]
[Round "4"]
[White "Galojan, Lilit"]
[Black "Chan, Naruna"]
[Result "0-1"]
[WhiteElo "2290"]
[BlackElo "1981"]
[Annotator "NA"]
[PlyCount "158"]
[EventDate "2017.??.??"]
[EventType "swiss"]
[EventCountry "LAT"]
[SourceTitle "playchess.com"]
[Source "ChessBase"]
[SourceQuality "1"]
[TimeControl "40/5400+30:1800+30"]

1. d4 {[%emt 0:00:00]} d5 {[%emt 0:00:06]} 2. c4 {[%emt 0:01:14]} c6 {[%emt 0:00:18]} 3. e3 {[%emt 0:02:02]} Nf6 {[%emt 0:02:30]} 4. Bd3 {[%emt 0:01:21]} Qc7 {[%emt 0:09:21]} 5. Nc3 {[%emt 0:08:38]} dxc4 {[%emt 0:00:50]} 6. Bxc4 {[%emt 0:00:06]} Bf5 {[%emt 0:00:16]} 7. Nf3 {[%emt 0:03:30]} e6 {[%emt 0:00:09]} 8. O-O {[%emt 0:03:23]} Be7 {[%emt 0:02:02]} 9. Qe2 {[%emt 0:01:24]} b5 {[%emt 0:10:43]} 10. Bd3 {[%emt 0:30:01]} Bxd3 {[%emt 0:08:23]} 11. Qxd3 {[%emt 0:00:04]} Nbd7 {[%emt 0:02:02]} 12. e4 {[%emt 0:02:06]} b4 {[%emt 0:06:57]} 13. Na4 {[%emt 0:00:16]} e5 {[%emt 0:04:12]} 14. Bg5 {[%emt 0:09:12]} O-O {[%emt 0:01:01]} 15. Nxe5 {[%emt 0:06:35]} Nxe5 {[%emt 0:04:28]} 16. dxe5 {[%emt 0:00:01]} Qxe5 {[%emt 0:00:02]} 17. f4 {[%emt 0:00:45]} Qb5 {[%emt 0:06:48]} 18. Qc2 {[%emt 0:00:17]} Rfe8 {[%emt 0:00:49]} 19. e5 {[%emt 0:12:13]} Nd5 {[%emt 0:02:46]} 20. Bxe7 {[%emt 0:00:06]} Ne3 {[%emt 0:02:25]} 21. Qb3 {[%emt 0:16:43]} Nxf1 {[%emt 0:01:24]} 22. Bd6 {[%emt 0:00:21]} Nd2 {[%emt 0:01:39]} 23. Qxb4 {[%emt 0:00:20]} Nc4 {[%emt 0:06:37]} 24. Bc5 {[%emt 0:00:35]} a5 {[%emt 0:07:18]} 25. Qxb5 {[%emt 0:00:31]} cxb5 {[%emt 0:00:02]} 26. Nc3 {[%emt 0:00:43]} Rec8 {[%emt 0:05:05]} 27. b4 {[%emt 0:00:15]} axb4 {[%emt 0:04:53]} 28. Bxb4 {[%emt 0:00:01]} Ne3 {[%emt 0:00:39]} 29. Rb1 {[%emt 0:01:05]} Nc2 {[%emt 0:00:25]} 30. Nd5 {[%emt 0:00:34]} Rd8 {[%emt 0:03:25]} 31. Bd6 {[%emt 0:00:16]} Rxa2 {[%emt 0:00:21]} 32. Nc3 {[%emt 0:00:42]} Ra7 {[%emt 0:02:37]} 33. Rxb5 {[%emt 0:00:38]} h6 {[%emt 0:01:55]} 34. Kf2 {[%emt 0:00:27]} Nd4 {[%emt 0:00:49]} 35. Rb2 {[%emt 0:00:32]} Nf5 {[%emt 0:00:32]} 36. Bc5 {[%emt 0:00:29]} Rad7 {[%emt 0:00:47]} 37. Ne4 {[%emt 0:00:16]} Rd5 {[%emt 0:00:44]} 38. g4 {[%emt 0:00:22]} Nd4 {[%emt 0:00:50]} 39. Bd6 {[%emt 0:00:43]} Ne6 {[%emt 0:00:26]} 40. Ke3 {[%emt 0:00:00]} Rd1 {[%emt 0:02:31]} 41. f5 {[%emt 0:08:28]} Re1+ {[%emt 0:02:42]} 42. Re2 {[%emt 0:05:10]} Rxe2+ {[%emt 0:01:32]} 43. Kxe2 {[%emt 0:00:05]} Nd4+ {[%emt 0:00:42]} 44. Ke3 {[%emt 0:01:14]} Nb5 {[%emt 0:02:32]} 45. Be7 {[%emt 0:08:43]} Rd1 {[%emt 0:00:48]} 46. h4 {[%emt 0:05:42]} Nc7 {[%emt 0:04:49]} 47. Bd6 {[%emt 0:03:30]} Nd5+ {[%emt 0:00:27]} 48. Ke2 {[%emt 0:00:36]} Rd4 {[%emt 0:00:31]} 49. Kf3 {[%emt 0:00:49]} Rd3+ {[%emt 0:01:37]} 50. Kf2 {[%emt 0:00:02]} Rh3 {[%emt 0:05:54]} 51. h5 {[%emt 0:00:39]} Ne3 {[%emt 0:00:25]} 52. e6 {[%emt 0:01:42]} fxe6 {[%emt 0:00:17]} 53. fxe6 {[%emt 0:00:06]} Nxg4+ {[%emt 0:00:17]} 54. Kg2 {[%emt 0:00:36]} Re3 {[%emt 0:01:09]} 55. Nc5 {[%emt 0:00:02]} Nf6 {[%emt 0:02:40]} 56. Kf2 {[%emt 0:00:37]} Rh3 {[%emt 0:00:15]} 57. Nd7 {[%emt 0:00:52]} Ne8 {[%emt 0:00:11]} 58. Bf4 {[%emt 0:00:43]} Rxh5 {[%emt 0:00:08]} 59. Kf3 {[%emt 0:00:04]} Rh1 {[%emt 0:00:46]} 60. Ke4 {[%emt 0:01:01]} g5 {[%emt 0:01:07]} 61. Be5 {[%emt 0:00:08]} Rf1 {[%emt 0:01:59]} 62. Kd5 {[%emt 0:00:45]} g4 {[%emt 0:00:36]} 63. Nc5 {[%emt 0:00:30]} h5 {[%emt 0:00:43]} 64. Kc6 {[%emt 0:00:37]} Rd1 {[%emt 0:00:10]} 65. Bg3 {[%emt 0:00:17]} Kg7 {[%emt 0:00:33]} 66. Bh4 {[%emt 0:00:38]} Kg6 {[%emt 0:01:48]} 67. Nb7 {[%emt 0:00:35]} Kf5 {[%emt 0:00:25]} 68. e7 {[%emt 0:00:02]} Kf4 {[%emt 0:01:17]} 69. Bf2 {[%emt 0:00:59]} g3 {[%emt 0:00:18]} 70. Bc5 {[%emt 0:00:04]} Ke5 {[%emt 0:00:56]} 71. Nd8 {[%emt 0:00:44]} g2 {[%emt 0:00:36]} 72. Nf7+ {[%emt 0:00:01]} Kf6 {[%emt 0:00:13]} 73. Nh6 {[%emt 0:00:57]} g1=Q {[%emt 0:00:11]} 74. Bxg1 {[%emt 0:00:06]} Rxg1 {[%emt 0:00:04]} 75. Kd7 {[%emt 0:00:07]} Ng7 {[%emt 0:00:57]} 76. Ng8+ {[%emt 0:00:06]} Kg6 {[%emt 0:00:40]} 77. e8=B+ {[%emt 0:01:15]} Nxe8 {[%emt 0:00:07]} 78. Kxe8 {[%emt 0:00:04]} Re1+ {[%emt 0:00:18]} 79. Kd8 {[%emt 0:00:21]} h4 {[%emt 0:00:11]} 0-1